Normal view
MARC view
- Management Engineering - MS Thesis
Entry Personal Name
001 - CONTROL NUMBER
- control field: 15723
003 - CONTROL NUMBER IDENTIFIER
- control field: NUST
005 - DATE AND TIME OF LATEST TRANSACTION
- control field: 20190627065345.0
008 - FIXED-LENGTH DATA ELEMENTS
- fixed length control field: 190627|| aca||aabn | a|a d
040 ## - CATALOGING SOURCE
- Original cataloging agency: NUST
- Transcribing agency: NUST
100 ## - HEADING--PERSONAL NAME
- Personal name: Management Engineering - MS Thesis
670 ## - SOURCE DATA FOUND
- Source citation: Work cat.: (NUST): Muhammad Umar Farooq 15722, Employee's Behavior towards Job Uncertainties in Telecom Sub-Contractual Organizations /, 2014.
